Cuentos de la Alhambra
Guardado en:
| Autor Principal: | |
|---|---|
| Formato: | Libro |
| Idioma: | Spanish |
| Publicado: |
Valencia :
Impr. de J. Ferrer de Orga,
1833.
|
| Materias: | |
| Acceso en línea: | Acceso a texto completo |
| Etiquetas: |
Agregar Etiqueta
Sin Etiquetas, Sea el primero en etiquetar este registro!
|
| LEADER | 01693nam a22002295a 4500 | ||
|---|---|---|---|
| 001 | EHU.bham050340 | ||
| 008 | 210910s1833####sp######s#####000#0#spa#d | ||
| 005 | 20210915110036.0 | ||
| 245 | 0 | 0 | |a Cuentos de la Alhambra |h [recurso electrónico] / |c Washington Irving. |
| 260 | |a Valencia : |b Impr. de J. Ferrer de Orga, |c 1833. | ||
| 300 | |a 1 recurso en línea. | ||
| 500 | |a Descripción basada en el recurso en línea. Título tomado de la portada HTML (visto el 10 de septiembre de 2021). | ||
| 500 | |a June 7, 2016 [EBook #52262] Project Gutenberg EBook. | ||
| 500 | |a "Si los Cuentos de la Alhambra han alcanzado tan buena acogida entre los ingleses y franceses, con mayor razon puede esperarse que la logren entre nosotros; porque enlazadas estas fábulas con las tradiciones y consejas populares del pais, es muy natural que produzcan aquel interes que inspiran al hombre de buen corazon las antiguallas de su patria, y la tierna memoria de los cuentos de la niñez. Esta consideracion nos ha impulsado á dar á luz el presente tomito, como una muestra de la obra que con el mismo título y mayor estension acaba de escribir el célebre Washington Irving; y si el éxito nos diese motivo para juzgar que ha merecido el aprecio de los inteligentes, quizá pensaremos en publicar otra serie, y aun acaso todos los que restan del original". | ||
| 538 | |a Modo de acceso: internet | ||
| 100 | 1 | |a Irving, Washington. | |
| 082 | 0 | 4 | |a 813.3 |
| 653 | |a Literatura estadounidense | ||
| 653 | |a Cuento estadounidense | ||
| 655 | 7 | |a Libros electrónicos | |
| 856 | 4 | 0 | |u https://www.gutenberg.org/files/52262/52262-h/52262-h.htm |y Acceso a texto completo |
| 859 | |a AR-BHAM |b BIB. HUMANIDADES - General |h 813.3 |p nuevo-0 | ||
